Studies in class structure / (Record no. 34910)
[ view plain ]
| 000 -LEADER | |
|---|---|
| fixed length control field | 00908cam a22002771 4500 |
| 001 - CONTROL NUMBER | |
| control field | 34910 |
| 003 - CONTROL NUMBER IDENTIFIER | |
| rucl marc code | BD-RjUL |
| 005 - DATE AND TIME OF LATEST TRANSACTION | |
| control field | 20211209052229.0 |
| 008 - FIXED-LENGTH DATA ELEMENTS--GENERAL INFORMATION | |
| fixed length control field | 140520r19641955enka 001 0 eng d |
| 035 ## - SYSTEM CONTROL NUMBER | |
| System control number | (BD-RjUL)35004 |
| 040 ## - CATALOGING SOURCE | |
| Original cataloging agency | DLC |
| Transcribing agency | ICU |
| Modifying agency | ICU |
| -- | DLC |
| -- | BD-RJUL |
| Language of cataloging | eng |
| 041 ## - LANGUAGE CODE | |
| Language code of text/sound track or separate title | eng |
| 082 04 - DEWEY DECIMAL CLASSIFICATION NUMBER | |
| Classification number | 301.44 |
| Author mark and year | COS 1964 |
| 100 1# - MAIN ENTRY--PERSONAL NAME | |
| Personal name | Cole, G. D. H. |
| Fuller form of name | (George Douglas Howard), |
| Dates associated with a name | 1889-1959. |
| 9 (RLIN) | 7576 |
| 245 10 - TITLE STATEMENT | |
| Title | Studies in class structure / |
| 260 ## - PUBLICATION, DISTRIBUTION, ETC. (IMPRINT) | |
| Place of publication, distribution, etc. | London : |
| Name of publisher, distributor, etc. | Routledge and Paul., |
| Date of publication, distribution, etc. | 1955 [Impression 1964]. |
| 300 ## - PHYSICAL DESCRIPTION | |
| Pagination | vii, 195 p. : |
| Illustrations | ill. ; |
| Size | 23 cm. |
| 490 1# - SERIES STATEMENT | |
| Series statement | International library of sociology and social reconstruction |
| 504 ## - BIBLIOGRAPHY, ETC. NOTE | |
| Bibliography, etc | Includes index. |
| 650 #0 - SUBJECT ADDED ENTRY--TOPICAL TERM | |
| Topical term or geographic name as entry element | Social classes |
| Geographic subdivision | Great Britain. |
| 9 (RLIN) | 10727 |
| 830 1# - SERIES ADDED ENTRY--UNIFORM TITLE | |
| Uniform title | International library of sociology and social reconstruction |
| 942 ## - ADDED ENTRY ELEMENTS (KOHA) | |
| Source of classification or shelving scheme | Dewey Decimal Classification |
| Koha item type | Books |
| Lost status | Source of classification or shelving scheme | Damaged status | Not for loan | Collection code | Permanent Location | Current Location | Shelving location | Date acquired | Source of acquisition | Cost, normal purchase price | Total Checkouts | Full call number | Date last seen | Copy number | Koha item type |
|---|---|---|---|---|---|---|---|---|---|---|---|---|---|---|---|
| Dewey Decimal Classification | Non-fiction | Central Library, University of Rajshahi | Central Library, University of Rajshahi | 28/05/1965 | Euro-Pak | 17.06 | 301.44 COS 1964 | 20/05/2014 | C-2 | Books | |||||
| Dewey Decimal Classification | Not For Loan | Non-fiction | Central Library, University of Rajshahi | Central Library, University of Rajshahi | Reading Room | 28/05/1965 | Euro Park | 17.06 | 301.44 COS 1964 | 20/05/2014 | C-1 | Books | |||
| Dewey Decimal Classification | Non-fiction | Central Library, University of Rajshahi | Central Library, University of Rajshahi | 05/04/1975 | Dhaka, Paragon ent. Ltd. | 13.20 | 301.44 COS 1968 | 20/05/2014 | C-5 | Books | |||||
| Dewey Decimal Classification | Non-fiction | Central Library, University of Rajshahi | Central Library, University of Rajshahi | 25/03/1965 | Sweet + Zeitlinger | 21.00 | 301.44 COS 1964 | 20/05/2014 | C-2 | Books | |||||
| Dewey Decimal Classification | Not For Loan | Non-fiction | Central Library, University of Rajshahi | Central Library, University of Rajshahi | Reading Room | 30/03/1965 | Sweet + Zeitlinger | 21.00 | 301.44 COS 1964 | 20/05/2014 | C-1 | Books | |||
| Dewey Decimal Classification | Non-fiction | Central Library, University of Rajshahi | Central Library, University of Rajshahi | 20/03/1965 | Sweet + Zeitlinger | 21.00 | 301.44 COS 1964 | 20/05/2014 | C-5 | Books | |||||
| Dewey Decimal Classification | Non-fiction | Central Library, University of Rajshahi | Central Library, University of Rajshahi | 28/05/1965 | Sweet + Zeitlinger | 17.06 | 301.44 COS 1964 | 20/05/2014 | C-3 | Books | |||||
| Dewey Decimal Classification | Non-fiction | Central Library, University of Rajshahi | Central Library, University of Rajshahi | 29/08/1970 | Zitlinger | 10.60 | 301.44 COS 1968 | 22/05/2014 | C-3 | Books | |||||
| Dewey Decimal Classification | Non-fiction | Central Library, University of Rajshahi | Central Library, University of Rajshahi | 29/08/1970 | Zitlinger | 10.60 | 301.44 COS 1968 | 22/05/2014 | C-4 | Books |